| 000 | 01222cam a22002054a 4500 | ||
|---|---|---|---|
| 005 | 20250605164137.0 | ||
| 008 | 250528s ||||||||||||||||||||||||d | ||
| 035 | _a18821 | ||
| 020 | _a9463680 | ||
| 040 |
_aGR-AtMCL _bgre _dGR-AtMCL _eAACR2 |
||
| 245 | 1 | _aBroadcasting in Education / An Evaluation | |
| 250 | _a1st | ||
| 260 |
_bConstable, _c1984 |
||
| 300 | _a274 | ||
| 520 | _aThe extremely wide range of purposes, target groups and contexts for which broadcasting has been used both in the formal and non-formal education sectors and its heavy use in British schools. Preface, Setting the Scene, Formal Education: Strategic Roles for Broadcasting, Schools Broadcasting: An End of Term Report, Non-Formal Basic Education: Strategic Roles for Broadcasting, Getting it Right: Helping the Disadvantaged, Continuing and Distance Higher Education: Strategic Roles for Broadcasting, Getting it Right: Continuing and Higher Education, Broadcasters and Professionalism and Educational Effectiveness, The Impact of New Technology on Educational Broadcasting, The Future of Educational Broadcasting, Appendix, Bibliography, Index. | ||
| 700 | 1 |
_aBates A.W. _95084 |
|
| 942 | _cBK | ||
| 999 |
_c4133 _d4133 |
||